Історія України: у 2 т. (Запис № 318387)

МАРК-запис
000 -Лідер
fixed length control field 00756nam a22002777a 4500
001 - Контрольний номер
control field 31951
003 - Ідентифікатор контрольного номера
control field UA-OsUOA
005 - Дата та час останнього входження (трансакції)
control field 20210831153222.0
007 - Фіксоване поле фізичного опису
fixed length control field ta
008 - Елементи даних фіксованої довжини – загальна інформація
fixed length control field 20050117b un ||||| |||| 00| 0 ukr d
020 ## - Міжнародний стандартний книжковий номер (ISBN)
Міжнародний стандартний книжковий номер (ISBN) (НП) 5325005898
040 ## - Джерело каталогізації
Агенція оригінальної каталогізації UA-OsUOA
Мова каталогізації ukr
Агенція, яка здійснювала перезапис UA-OsUOA
Агенція, яка здійснювала модифікацію UA-OsUOA
041 ## - Код мови
Код мови тексту/ звукової доріжки чи окремого заголовка (П) ukr
044 ## - Код країни видавця/ виробника
Код країни видавця/ виробника (П) UA
080 ## - Індекс Універсальної десяткової класифікації
Індекс Універсальної десяткової класифікації (УДК) (НП) 94(477)
090 ## - Локальний шифр розміщення
Класифікаційний індекс УДК 94(477)
Авторський знак (НП) П52
100 ## - Основне введення – ім’я особи
Ім’я особи (НП) Полонська-Василенко Н.
245 ## - Відомості про назву
Назва (НП) Історія України: у 2 т.
260 ## - Публікація, розповсюдження і т.п. (Вихідні дані)
Місце публікації, розповсюдження і т.п. (П) К.
Ім’я/ наймення видавництва, розповсюджувача і т.п. (П) Либідь
Дата публікації, розповсюдження і т.п. (П) 1995
300 ## - Фізичний опис
Обсяг 672 с.
505 ## - Форматована примітка про зміст
Змішана інформація Т. 1
650 #7 - Додаткове предметне введення – тематичний термін
Тематичний термін чи географічна назва, як елемент введення (НП) 9 Географія. Біографії. Історія
Джерело заголовка чи терміна UDC
942 ## - Додаткові елементи входу (Коха)
Тип елемента Koha Книги
Source of classification or shelving scheme Universal Decimal Classification
955 ## - Код типу видання за змістом
Код типу видання за змістом (НП) Навчальні видання
Фонди
Стан вилучень Стан втрат Джерело класифікації або схеми стелажів Стан уражень Не для кредиту Постійне місце розташування Поточне розміщення Дата придбання Послідовне перерахування / хронологія Інвентарний номер Повний номер виклику Штрих-код Дата останнього перегляду Ціна ефективна від Тип елемента Koha Усього утримується Вартість, звичайна ціна покупки Усього замовленно Дата останньої перевірки Джерело придбання
    Universal Decimal Classification     АБ - Абонемент НБ АБ - Абонемент НБ 31/08/2012 Т. 1 11849 94(477) П52 11849 21/01/2022 17/01/2005 Книги          
    Universal Decimal Classification     АБ - Абонемент НБ АБ - Абонемент НБ 17/08/2007 Т. 1 11850 94(477) П52 11850 21/01/2022 17/01/2005 Книги          
    Universal Decimal Classification     АБ - Абонемент НБ АБ - Абонемент НБ 17/08/2007 Т. 1 11851 94(477) П52 11851 09/05/2022 17/01/2005 Книги 1        
    Universal Decimal Classification     АБ - Абонемент НБ АБ - Абонемент НБ 31/08/2012 Т. 1 11853 94(477) П52 11853 10/10/2022 17/01/2005 Книги     1 19/09/2022  
    Universal Decimal Classification     АБ - Абонемент НБ АБ - Абонемент НБ 30/01/2015 Т. 1 147345 94(477) П52 147345 21/01/2022 17/01/2005 Книги   10.00     1/2015
Withdrawn   Universal Decimal Classification   Not For Loan АБ - Абонемент НБ АБ - Абонемент НБ 17/08/2007 Т. 1 56559 94(477) П52 56559 13/07/2019 17/01/2005 Книги 1        
    Universal Decimal Classification     АБ - Абонемент НБ АБ - Абонемент НБ 17/08/2007 Т. 1 7275 94(477) П52 7275 21/01/2022 17/01/2005 Книги          
    Universal Decimal Classification     АБ - Абонемент НБ АБ - Абонемент НБ 17/08/2007 Т. 1 7819 94(477) П52 7819 21/01/2022 17/01/2005 Книги          
    Universal Decimal Classification     АБ - Абонемент НБ АБ - Абонемент НБ 31/08/2012 Т. 1 8810 94(477) П52 8810 21/01/2022 17/01/2005 Книги          
    Universal Decimal Classification     ЧЗ - Читальна зала ЧЗ - Читальна зала 17/01/2005 Т. 1 11852 94(477) П52 11852 07/02/2022 17/01/2005 Книги   4.00      
Withdrawn   Universal Decimal Classification   Not For Loan ЧЗ - Читальна зала ЧЗ - Читальна зала 17/01/2005 Т. 1 11854 94(477) П52 11854 13/07/2019 17/01/2005 Книги 1 4.00      
    Universal Decimal Classification     ЧЗ - Читальна зала ЧЗ - Читальна зала 17/01/2005 Т. 1 73667 94(477) П52 73667 07/02/2022 17/01/2005 Книги   6.00      
    Universal Decimal Classification     ЧЗ - Читальна зала ЧЗ - Читальна зала 10/11/2005 Т. 1 87643 94(477) П52 87643 07/02/2022 17/01/2005 Книги         118/2005